| 000 | 00000nem##2200000za#4500 |
| 001 | 9.681473 |
| 003 | CaOODSP |
| 005 | 20200401053608 |
| 007 | aj |a||| |
| 008 | 150407|2001||||xxc|||| a##f | fre|d |
| 020 | |a0-662-85714-3 |
| 040 | |aCaOODSP|bfre |
| 043 | |an-cn--- |
| 086 | 1 |aD82-60/2001F |
| 110 | 1 |aCanada.|bProtection civile Canada. |
| 245 | 10|aLes catastrophes naturelles du Canada : |h[document cartographique]|bune cartographie historique des désastres naturels importants |
| 260 | |aOttawa - Ontario : |bProtection civile Canada |c2001. |
| 590 | |a01-18|b2001-05-04 |
| 691 | 07|aInondation|2gcpds |
| 691 | 07|aTremblement de terre|2gcpds |
| 691 | 07|aTempête|2gcpds |
| 691 | 07|aGlissement de terrain|2gcpds |
| 775 | 08|tNatural hazards of Canada : |w(CaOODSP)9.648122 |
| 776 | 0#|tLes catastrophes naturelles du Canada : |w(CaOODSP)9.639150 |